00929 2200301 4500001002100000005001500021035002000036007000300056008004100059020001800100082001000118084001500128084001300143100003600156245013000192250001200322300003800334650002400372650002100396700002400417700003400441264005200475336002100527337003000548338002300578990001300601990001300614INLIS00000000111954420221027081735 a0010-1022000192ta221027 0 ind  a9786234805703 a659.2 aD SKOM4327 aSKOM43270 aI Gusti Ngurah PutraePengarang1 aManajemen Hubungan Masyarakat :b1-9 / SKOM4327 / 3 SKS /cI Gusti Ngurah Putra, Syamsir (Editor), Sri Sediyaningish (Editor) aEdisi 3 a286 halaman :bilustrasi ;c27 cm 4aHubungan Masyarakat 4aPublic Relations0 aSyamsirePenyunting0 aSri SediyaningishePenyunting aTangerang Selatan :bUniversitas Terbuka,c2022 2rdacontentaTeks 2rdamediaaTanpa Perantara 2rdacarrieraVolume a22/30269 a22/90283